La integralidad como garanta̕ de no repeticin̤

Detalles Bibliográficos
Autor principal: Ospina, Juan Carlos
Otros Autores: Linares, Cielo, Abril Maldonado, Jorge
Formato: eBook
Lenguaje:español
Publicado: Bogot:̀ Comisin̤ Colombiana de Juristas, 2017
Materias:
Acceso en línea:Acceso restringido

MARC

LEADER 00000nam a22000007a 4500
005 20200305235037.0
007 cr|||| ||||
008 200305s2017 co |||||s|||| 00||0 spa d
020 |a 978-958-xxxxxx-x 
035 |a 31149 
040 |a vLex 
090 |c 10186  |d 10186 
100 1 |a Ospina, Juan Carlos 
245 1 2 |a La integralidad como garanta̕ de no repeticin̤  |h [Recurso electrn̤ico] /  |c Juan Carlos Ospina, Cielo Linares, Jorge Abril Maldonado 
256 |a Servicio en ln̕ea 
260 |a Bogot:̀  |b Comisin̤ Colombiana de Juristas,  |c 2017 
300 |a 1 recurso electrn̤ico 
506 1 |a Disponible solo en los productos indicados  |d vLex Global  |d vLex Global (Academic Edition, excluding Law Schools)  |d vLex Global (U.S. Academic Edition, Law Schools)  |d vLex Global (U.S. Academic Edition, excluding Law Schools)  |d vLex Global (Academic Edition, Law Schools) 
650 0 4 |a Derecho Constitucional  |z Colombia 
700 1 |a Linares, Cielo 
700 1 |a Abril Maldonado, Jorge 
740 0 |a vLex Libros (Servicio en ln̕ea) 
856 4 0 |u http://vlex.com/source/integralidad-garantia-no-repeticion-31149  |z Acceso restringido 
942 |c BOOK 
999 0 |a Constitutional right